Loading...

Irfante lokam

Bibliographic Details
Main Author: Muneer,C,M
Format: Printed Book
Language:Undetermined
Published: Gmotivation, 2017
Subjects:
LEADER 00422nam a2200145Ia 4500
008 200324s9999 xx 000 0 und d
082 |a 8M3  |b MUN.I 
100 |a Muneer,C,M 
245 0 |a Irfante lokam 
260 |b Gmotivation,  |c 2017 
300 |a 128p. 
650 |a novel malayalam 
942 |c BK 
999 |c 289803  |d 289803 
952 |0 0  |1 0  |4 0  |6 8M3_MUN_I  |7 0  |9 308336  |a SDE  |b SDE  |d 2019-07-09  |l 0  |o 8M3 MUN.I  |p SDE26325  |r 2020-03-27  |w 2020-03-27  |y BK